Quiz piłkarski 11! - Statystyki

Ogólne statystyki
  • Ten quiz został rozwiązany 32 razy
  • Średni wynik to 11 z 44
Statystyki odpowiedzi
Nazwisko (Klub) Imię % Poprawnych
Dest (Barcelona) Sergino
75%
Suarez (Granada) Luis
69%
Sinisteraa (Feyenoord) Luis
69%
Kohr (Mainz) Dominik
66%
Szoboszlai (Lipsk) Dominik
66%
Kubo (Getafe) Takefusa
66%
McKennie (Juventus) Weston
59%
Kudus (Ajax) Mohammed
50%
Lasagna (Udinese) Kevin
44%
Sarr (Porto) Malang
41%
Skov (Hoffenheim) Robert
38%
Nubel (Bayern M) Alexander
34%
Didavi (Stuttgart) Daniel
34%
Todibo (Nicea) Jean-Clair
28%
Martins (Wuhan Zall) Obafemi
28%
Niakhate (Mainz) Moussa
25%
Djenepo (Southampton) Moussa
25%
Pedraza (Villarreal) Alfonso
22%
Morelos (Rangers) Alfredo
22%
Dominguez (Bologna) Nicolas
22%
Boadu (AZ) Myron
19%
Fernandes (Galatasaray) Gedson
16%
Mojica (Elche) Johan
16%
Torunarigha (Hertha) Jordan
16%
Pratto (Feyenoord) Lucas
16%
Pedrosa (Espanyol) Adria
13%
Trimmel (Union Berlin) Christopher
13%
Kerk (Utrecht) Gyrano
13%
Mensah (Besiktas) Bernard
9%
Nagbe (Columbus Crew) Darlington
9%
Opara (Minnesota United) Ike
9%
Christie (Celtic) Ryan
9%
Bornauw (Koln) Sebastiaan
9%
Bakaev (Spartak Moskwa) Zelimkhan
9%
Pearson (Bournemouth) Ben
6%
Rangel (Mazatlan) Michael
6%
Borja (Sporting) Cristian
3%
Pardo (Pachuca) Felipe
3%
Nkoudou (Besiktas) Georges-Kevin
3%
Ejuke (CSKA Moskwa) Chidera
0%
Quintero (Houston Dynamo) Darwin
0%
Castillo (Tijuana) Fabian
0%
Martinez (Tijuana) Fidel
0%
Ito (Genk) Junya
0%
Nie znaleziono quizów pasujących do podanych kryteriów
Rozkład punktacji
Procent ludzi z każdym wynikiem
Percentyl według liczby udzielonych odpowiedzi
Twoja historia wyników
Nie rozwiązałeś tego quizu